| 000 | 00890nam a22002177a 4500 | ||
|---|---|---|---|
| 001 | BD-DhSAU 2854 | ||
| 003 | BD-DhSAU | ||
| 005 | 20150202164237.0 | ||
| 008 | 150202b1984 bg a|||| |||| 00| 0 b d | ||
| 040 | _aBD-DhSAU | ||
| 082 |
_222 _a৫৩০ _bকামিউ |
||
| 100 | _aসাহা, কামিনী মোহন | ||
| 245 |
_aঊচ্চ মাধ্যমিক পদার্থ বিজ্ঞান / _cকামিনী মোহন সাহা |
||
| 250 | _aনবম সংসকরন | ||
| 260 |
_aঢাকা : _bমল্লিক ব্রাদার্স ; _c১৯৮৪। |
||
| 300 |
_axxi, ১৩৯১ পৃ.: _bচিএ, _c২০ সে. মি. |
||
| 590 | _aIMRAN | ||
| 650 | _aপদার্থ বিজ্ঞান | ||
| 700 | _aকালাম, আবুল | ||
| 700 | _aপ্রামানিক, নাসির উদ্দিন | ||
| 942 |
_2ddc _cBOOK |
||
| 999 |
_c2854 _d2854 |
||